<?xml version="1.0" encoding="UTF-8"?>
<record
    xmlns:xsi="http://www.w3.org/2001/XMLSchema-instance"
    xsi:schemaLocation="http://www.loc.gov/MARC21/slim http://www.loc.gov/standards/marcxml/schema/MARC21slim.xsd"
    xmlns="http://www.loc.gov/MARC21/slim">

  <leader>01033nam a2200229 i 4500</leader>
  <controlfield tag="001">46614</controlfield>
  <controlfield tag="003">ES-MaACL</controlfield>
  <controlfield tag="005">20250829133326.0</controlfield>
  <controlfield tag="007">t|</controlfield>
  <controlfield tag="008">030331s1963    sp           ||||1| spa d</controlfield>
  <datafield tag="111" ind1="2" ind2=" ">
    <subfield code="a">Congreso de Instituciones Hisp&#xE1;nicas (</subfield>
    <subfield code="n">1&#xBA;. </subfield>
    <subfield code="d">1963. </subfield>
    <subfield code="c">Madrid)</subfield>
    <subfield code="9">311</subfield>
  </datafield>
  <datafield tag="245" ind1="1" ind2="0">
    <subfield code="a">Congreso de Instituciones Hisp&#xE1;nicas : </subfield>
    <subfield code="b">[celebrado en Madrid, del 5 al 15 de junio de 1963, en el Instituto de Cultura Hisp&#xE1;nica].</subfield>
  </datafield>
  <datafield tag="260" ind1=" " ind2=" ">
    <subfield code="a">Madrid : </subfield>
    <subfield code="b">Cultura Hisp&#xE1;nica, </subfield>
    <subfield code="c">1963.</subfield>
  </datafield>
  <datafield tag="300" ind1=" " ind2=" ">
    <subfield code="a">312 p. ; </subfield>
    <subfield code="c">27 cm.</subfield>
  </datafield>
  <datafield tag="505" ind1="8" ind2=" ">
    <subfield code="a">Contiene: Asamblea de Dirigentes de Institutos de Cultura Hisp&#xE1;nica ; Asamblea de Filolog&#xED;a ; Asamblea de Econom&#xED;a ; Mesa Redonda de Sociolog&#xED;a Ibero-Americana de Madrid</subfield>
  </datafield>
  <datafield tag="650" ind1=" " ind2="7">
    <subfield code="a">Hispanidad</subfield>
    <subfield code="2">embne</subfield>
    <subfield code="9">139321</subfield>
  </datafield>
  <datafield tag="650" ind1=" " ind2="4">
    <subfield code="a">Lengua espa&#xF1;ola-</subfield>
    <subfield code="v">Congresos y asambleas.</subfield>
    <subfield code="9">172650</subfield>
  </datafield>
  <datafield tag="651" ind1=" " ind2="4">
    <subfield code="a">Am&#xE9;rica Latina-</subfield>
    <subfield code="x">Civilizaci&#xF3;n-</subfield>
    <subfield code="v">Congresos y asambleas.</subfield>
    <subfield code="9">139273</subfield>
  </datafield>
  <datafield tag="710" ind1="2" ind2=" ">
    <subfield code="a">Instituto de Cultura Hisp&#xE1;nica (Espa&#xF1;a)</subfield>
    <subfield code="9">4854</subfield>
  </datafield>
  <datafield tag="852" ind1=" " ind2=" ">
    <subfield code="a">ES-MaACL</subfield>
    <subfield code="j">C-25921</subfield>
  </datafield>
  <datafield tag="999" ind1=" " ind2=" ">
    <subfield code="c">46614</subfield>
    <subfield code="d">46614</subfield>
  </datafield>
  <datafield tag="952" ind1=" " ind2=" ">
    <subfield code="0">0</subfield>
    <subfield code="1">0</subfield>
    <subfield code="4">0</subfield>
    <subfield code="7">0</subfield>
    <subfield code="a">ATENEOM</subfield>
    <subfield code="b">ATENEOM</subfield>
    <subfield code="c">DEPO2</subfield>
    <subfield code="d">2008-01-17</subfield>
    <subfield code="e">SC</subfield>
    <subfield code="l">0</subfield>
    <subfield code="o">C-25921</subfield>
    <subfield code="p">1049025</subfield>
    <subfield code="r">2023-02-23 00:00:00</subfield>
    <subfield code="w">2023-02-23</subfield>
    <subfield code="y">MONOGRAFIA</subfield>
  </datafield>
</record>
